| 000 | 01391nam0a2200385 4500 | ||
|---|---|---|---|
| 001 | RU\NLR\bibl\85829 | ||
| 005 | 20260406152734.0 | ||
| 010 |
_a5-87445-056-4 _9110000 |
||
| 020 |
_aRU _b98-27841 _9Книжная летопись |
||
| 021 |
_aRU _b98-18569 _9882 |
||
| 035 | _a(NLR Aleph) 000083833 | ||
| 090 |
_a467834 _c467834 |
||
| 100 | _a20000410d1998 |||y0rusy50 ca | ||
| 101 | 0 | _arus | |
| 102 | _aRU | ||
| 105 | _aa ||||||||| | ||
| 200 | 1 |
_aЗадачи к урокам геометрии _e7-11-е кл. _fБ. Г. Зив |
|
| 205 | _a5-е изд., испр. | ||
| 210 |
_aСПб. _cНПО "Мир и семья-95" _cИнтерлайн _d1998 |
||
| 215 |
_a618 с. _cил. _d22 |
||
| 225 | 1 | _aСерия учебной и познавательной литературы "Магистр" | |
| 606 | 0 |
_aГеометрия _jЗадачники _9935458 _3RU\NLR\auth\6626625 |
|
| 610 | 0 | _aГеометрия - Задачи | |
| 675 |
_a373.167.1:514+514(075.3) _v3 _zrus |
||
| 686 |
_a14.25 _2rugasnti |
||
| 686 |
_a74.262.21 _2rubbk |
||
| 686 | _aВ181.11я721-4 | ||
| 700 | 1 |
_4070 _7ca _8rus _aЗив _bБ. Г. _f1928-2011 _gБорис Германович _3RU\NLR\AUTH\776110 _9116065 |
|
| 801 | 0 |
_aRU _bRKP _c20000410 _gPSBO |
|
| 801 | 1 |
_aRU _bRKP _c20000410 |
|
| 801 | 2 |
_aRU _bNLR _c20081003 _grcr |
|
| 852 |
_aNLR _j98-5/1879 |
||
| 942 | _cBOOK | ||
| 980 | _aNB | ||